Normal view
MARC view
Entry Personal Name
001 - CONTROL NUMBER
- control field: 164212
003 - CONTROL NUMBER IDENTIFIER
- control field: OSt
005 - DATE AND TIME OF LATEST TRANSACTION
- control field: 20220923220437.0
008 - FIXED-LENGTH DATA ELEMENTS
- fixed length control field: 220923|| aca||aabn | a|a d
040 ## - CATALOGING SOURCE
- Original cataloging agency: OSt
- Transcribing agency: OSt
100 ## - HEADING--PERSONAL NAME
- Personal name: सुन्दरम, के पी एम; भटनागर, पी के
670 ## - SOURCE DATA FOUND
- Source citation: Work cat.: (OSt)339941: सुन्दरम, के पी एम; भटनागर, पी के, अर्थशास्त्र के सिद्वान्त, 1972
